000 00768nas a2200229 4500
001 BR0900950
003 BR-BrBNA
005 20231205113147.0
007 ta
008 230509b bl.|||p| |||| 00| 00por d
040 _aBR-BrBNA
_bpor
_cBiblioteca Nacional de Agricultura
041 _a(En)
072 _aP10
100 1 _aBlanco, F.F.
100 1 _aFolegatti, M.V.
245 1 _aEvaluation of evaporation-measuring equipments for estimating evapotranspiration within a greenhouse.
650 _aEVAPORAÇÃO
650 _aGREENHOUSE
773 0 _tAgriambi - Revista Brasileira de Engenharia Agrícola e Ambiental (Brazil)
_xISSN 1415-4366
_g(May-Dec 2004), v. 8(2/3) p. 184-188
_wBR0900950
909 _a202311
_bLúcia
_c55
_dLúcia Elande
942 _2AGRIS
_n0
_cANA
999 _c202200
_d202200